000 00738nam a2200169 4500
999 _c6542
_d6542
008 170401b xxu||||| |||| 00| 0 eng d
022 _a0022-3514
082 _aDPer 155.205 J82 Feb-Apr 2016 v. 110, n. 2-4
100 _919763
_aGordon, Amie M.
245 _aDo you get where i'm coming from?:
_bperceived understanding buffers against the negative impact of conflict on relationship satisfaction/
_cAmie M. Gordon and Serena Chen.
260 _aWashington DC:
_bAmerican Psychological Association,
_c©Feb-Apr 2016.
300 _av110 n2, pages 239-260;
_c11 cm.
500 _aJournal of personality and social psychology.
650 0 _919766
_aInterpersonal relations
700 _919765
_aChen, Serena
_eAuthor
942 _2ddc
_cPER